<?xml version="1.0" encoding="UTF-8"?><?xml-stylesheet type="text/xsl" href="static/style.xsl"?><OAI-PMH xmlns="http://www.openarchives.org/OAI/2.0/" xmlns:xsi="http://www.w3.org/2001/XMLSchema-instance" xsi:schemaLocation="http://www.openarchives.org/OAI/2.0/ http://www.openarchives.org/OAI/2.0/OAI-PMH.xsd"><responseDate>2026-04-29T10:58:25Z</responseDate><request verb="GetRecord" identifier="oai:uvadoc.uva.es:10324/833" metadataPrefix="marc">https://uvadoc.uva.es/oai/request</request><GetRecord><record><header><identifier>oai:uvadoc.uva.es:10324/833</identifier><datestamp>2021-06-18T09:13:23Z</datestamp><setSpec>com_10324_38</setSpec><setSpec>col_10324_787</setSpec></header><metadata><record xmlns="http://www.loc.gov/MARC21/slim" xmlns:doc="http://www.lyncode.com/xoai" xmlns:xsi="http://www.w3.org/2001/XMLSchema-instance" xmlns:dcterms="http://purl.org/dc/terms/" xsi:schemaLocation="http://www.loc.gov/MARC21/slim http://www.loc.gov/standards/marcxml/schema/MARC21slim.xsd">
<leader>00925njm 22002777a 4500</leader>
<datafield tag="042" ind1=" " ind2=" ">
<subfield code="a">dc</subfield>
</datafield>
<datafield tag="720" ind1=" " ind2=" ">
<subfield code="a">Olivar Ruiz, Jorge</subfield>
<subfield code="e">author</subfield>
</datafield>
<datafield tag="260" ind1=" " ind2=" ">
<subfield code="c">2009</subfield>
</datafield>
<datafield tag="520" ind1=" " ind2=" ">
<subfield code="a">Entender las respuestas del crecimiento forestal a variaciones en el clima es un elemento clave para profundizar en el entendimiento de las dinámicas de los bosques en un nuevo entorno. Además, la región mediterránea, como zona de transición climática entre zonas áridas y húmedas del mundo, es un área donde los cambios climáticos pueden afectar en mayor medida. El objetivo de éste estudio es analizar el crecimiento radial del pino carrasco (Pinus halepensis Mill.) atendiendo a las diferencias entre clases sociales (árboles dominantes y dominados), especificar las diferencias en la frecuencia de fluctuaciones intra-anuales de densidad (IADFs) dependiendo de la clase social y de la edad e identificar las variables climáticas más influyentes para integrarlas en un modelo empírico. Se seleccionaron ocho parcelas dentro de la distribución natural del pino carrasco en la Península Ibérica. La calidad de las cronologías fue evaluada utilizando la sensibilidad media (MS), la desviación estándar (SD), la relación señal-ruido (SNR), la señal de la población (EPS), la varianza en el primer vector y la correlación entre los individuos. Las precipitaciones y las temperaturas medias mensuales durante la primavera están positivamente correlacionadas con la aparición de IADFs. Se ha detectado un aumento en la frecuencia de IADFs durante los últimos cincuenta años.</subfield>
</datafield>
<datafield tag="024" ind2=" " ind1="8">
<subfield code="a">http://uvadoc.uva.es/handle/10324/833</subfield>
</datafield>
<datafield tag="024" ind2=" " ind1="8">
<subfield code="a">b1563401</subfield>
</datafield>
<datafield ind1=" " ind2=" " tag="653">
<subfield code="a">Ecosistemas-Mediterráneo, Región del</subfield>
</datafield>
<datafield ind1=" " ind2=" " tag="653">
<subfield code="a">Dendrocronología</subfield>
</datafield>
<datafield ind1=" " ind2=" " tag="653">
<subfield code="a">Clima-Cambios</subfield>
</datafield>
<datafield ind1=" " ind2=" " tag="653">
<subfield code="a">Pino Carrasco-Crecimiento</subfield>
</datafield>
<datafield tag="245" ind1="0" ind2="0">
<subfield code="a">Growth dynamics and responses of intra-annual density fluctuations to climate in Aleppo pine (Pinus halepensis Mill.) trees of different crown classes identifying strongly related climatic variables</subfield>
</datafield>
</record></metadata></record></GetRecord></OAI-PMH>